Microsoft Office Powerpoint 2007 : (Record no. 34)
[ view plain ]
| 000 -LEADER | |
|---|---|
| fixed length control field | 01114nam a22003257a 4500 |
| 001 - CONTROL NUMBER | |
| JCCL Control Number | 34 |
| 003 - CONTROL NUMBER IDENTIFIER | |
| JCCL marc code | OSt |
| 005 - DATE AND TIME OF LATEST TRANSACTION | |
| control field | 20170924160139.0 |
| 008 - FIXED-LENGTH DATA ELEMENTS--GENERAL INFORMATION | |
| fixed length control field | 170924s2006 njua a 001 0 eng |
| 020 ## - INTERNATIONAL STANDARD BOOK NUMBER | |
| International Standard Book Number | 9780470089736 |
| 020 ## - INTERNATIONAL STANDARD BOOK NUMBER | |
| International Standard Book Number | 0470089733 |
| 035 ## - SYSTEM CONTROL NUMBER | |
| system control number | OSt34 |
| 040 ## - CATALOGING SOURCE | |
| Original cataloging agency | BD-JCC |
| Transcribing agency | BD-JCC |
| Modifying agency | DLC |
| 041 ## - LANGUAGE CODE | |
| Language code of Book | eng |
| 050 00 - LIBRARY OF CONGRESS CALL NUMBER | |
| Classification number | T385 |
| Item number | .M381615 |
| 082 ## - DEWEY DECIMAL CLASSIFICATION NUMBER | |
| Classification number | 005.58 |
| Author mark and Year | MCF 2006 |
| 100 1# - MAIN ENTRY--PERSONAL NAME | |
| Personal name | McFedries, Paul. |
| 245 10 - TITLE STATEMENT | |
| Title | Microsoft Office Powerpoint 2007 : |
| Remainder of title | visual quick tips / |
| Statement of responsibility, etc | by Paul McFedries. |
| 246 3# - VARYING FORM OF TITLE | |
| Title proper/short title | Visual quick tips |
| 246 3# - VARYING FORM OF TITLE | |
| Title proper/short title | PowerPoint 2007 |
| 260 ## - PUBLICATION, DISTRIBUTION, ETC. (IMPRINT) | |
| Place of publication, distribution, etc | Hoboken, NJ : |
| Name of publisher, distributor, etc | Wiley Pub., |
| Date of publication, distribution, etc | c2007. |
| 300 ## - PHYSICAL DESCRIPTION | |
| Pagination | 212 p. : |
| Other physical details | col. ill. ; |
| Dimensions | 19 cm. |
| 490 0# - SERIES STATEMENT | |
| Series statement | Visual read less, learn more |
| 500 ## - GENERAL NOTE | |
| General note | Includes index. |
| 856 42 - ELECTRONIC LOCATION AND ACCESS | |
| Materials specified | Contributor biographical information |
| Uniform Resource Identifier | http://www.loc.gov/catdir/enhancements/fy1106/2006936750-b.html |
| 856 42 - ELECTRONIC LOCATION AND ACCESS | |
| Materials specified | Publisher description |
| Uniform Resource Identifier | http://www.loc.gov/catdir/enhancements/fy1106/2006936750-d.html |
| 856 41 - ELECTRONIC LOCATION AND ACCESS | |
| Materials specified | Table of contents only |
| Uniform Resource Identifier | http://www.loc.gov/catdir/enhancements/fy1106/2006936750-t.html |
| 942 ## - ADDED ENTRY ELEMENTS (KOHA) | |
| Source of classification or shelving scheme | Dewey Decimal Classification |
| Koha item type | Books |
| Source of classification or shelving scheme | Damaged status | Not for loan | Home library | Current library | Shelving location | Date of accession | Total Checkouts | Full call number | Barcode | Date last seen | Copy number | Koha item type |
|---|---|---|---|---|---|---|---|---|---|---|---|---|
| Dewey Decimal Classification | JCC Rouf Library | JCC Rouf Library | General Stacks | 09/24/2017 | 005.58 MCF 2006 | 1409 | 09/24/2017 | C-1 | Books |